Denmark UEFA Euro 2024 Squad - Statistics

General Stats
  • This quiz has been taken 973 times
  • The average score is 15 of 27
Answer Stats
# Position Player % Correct
10 MF Christian Eriksen
95%
1 GK Kasper Schmeichel
95%
9 FW Rasmus Højlund
82%
6 DF Andreas Christensen
80%
4 DF © Simon Kjær
80%
13 DF Rasmus Kristensen
78%
23 MF Pierre-Emile Højbjerg
67%
20 FW Yussuf Poulsen
67%
14 MF Mikkel Damsgaard
64%
5 DF Joakim Mæhle
63%
2 DF Joachim Andersen
60%
Manager Kasper Hjulmand
57%
24 MF Morten Hjulmand
57%
3 DF Jannik Vestergaard
55%
12 FW Kasper Dolberg
55%
8 MF Thomas Delaney
52%
15 MF Christian Nørgaard
51%
7 MF Mathias Jensen
49%
18 DF Alexander Bah
47%
11 FW Andreas Skov Olsen
47%
19 FW Jonas Wind
47%
17 DF Victor Kristiansen
41%
22 GK Frederik Rønnow
39%
16 GK Mads Hermansen
35%
21 FW Jacob Bruun Larsen
31%
26 FW Anders Dreyer
24%
25 DF Victor Nelsson
18%
No matching quizzes found
Score Distribution
Percent of People with Each Score
Percentile by Number Answered
Your Score History
You have not taken this quiz